[Event "DSOL 06 Liga Gr-D 1st"]
[Site "Playchess.com INT"]
[Date "2020.06.22"]
[Round "1.2"]
[White "Hellmann, Tim"]
[Black "Olive Olesti, Gabriel"]
[Result "1-0"]
[WhiteElo "1729"]
[BlackElo "1624"]
[PlyCount "47"]
[EventDate "2020.06.22"]
[EventType "team-tourn (rapid)"]
[EventCountry "GER"]
[SourceTitle "EXT 2021"]
[Source "ChessBase"]
[SourceDate "2020.10.23"]
[SourceVersion "1"]
[SourceVersionDate "2020.10.23"]
[SourceQuality "1"]
[WhiteTeam "Brackweda II"]
[BlackTeam "Kreuzberg II"]
[WhiteTeamCountry "GER"]
[BlackTeamCountry "GER"]

1. e4 c5 2. d4 cxd4 3. c3 dxc3 4. Nxc3 Nc6 5. Nf3 e5 6. Bc4 h6 7. Qb3 Qb6 8. Bxf7+ Kd8 9. Bxg8 Bb4 10. 0-0 Qc5 11. Be3 Qf8 12. Bd5 Na5 13. Qa4 Rb8 14. Bxa7 Ra8 15. Bb6+ Ke8 16. Nb5 Bd6 17. Bc7 Ra6 18. Bxd6 Rxd6 19. Nxd6+ Qxd6 20. Qxa5 Qb8 21. Rac1 b6 22. Qc3 Kd8 23. Nxe5 Ke7 24. Ng6+ 1-0